Países da União Soviética - Statistics

Estatísticas Gerais
  • Esse quiz foi jogado 356 vezes
  • A pontuação média é 12 de 15
Estatísticas das Respostas
País % Correto
Ucrânia
96%
Rússia
93%
Estônia
90%
Letônia
90%
Lituânia
90%
Cazaquistão
83%
Bielorrússia
82%
Armênia
78%
Uzbequistão
78%
Azerbaijão
76%
Geórgia
74%
Tadjiquistão
73%
Turcomenistão
73%
Quirguistão
72%
Moldávia
71%
Nenhum quiz correspondente encontrado
Distribuição das Pontuações
Porcentagem de Pessoas com Cada Pontuação
Percentil de Números Respondidos
Sua Pontuação Histórica
Você não jogou esse quiz